000 00532nam a22001937a 4500
003 CEME
005 20210628205113.0
008 210128b xxu||||| |||| 00| 0 eng d
020 _a9814-12-692-6
040 _c.
082 _a621.381 MOH
100 _aMohan, Ned:Undeland, Tore M:Robbins, William P
_958040
245 _aPower electronics;converters, application and design
250 _a3RD
260 _aNEW DELHI
_bJOHN WILEY & SONS
_c2003
300 _aXVII,801P
650 _aPOWER ELECTRONICS
_92000
942 _cBK
_2ddc
999 _c579524
_d579524